| 000 | 01380nam a2200301 i 4500 | ||
|---|---|---|---|
| 001 | 197103 | ||
| 003 | ES-MaACL | ||
| 005 | 20250821063122.0 | ||
| 008 | 250408b2025 sp ||||| |||| 00| 0 spa d | ||
| 017 |
_aM 2514-2025 _bOficina Depósito Legal Madrid |
||
| 020 | _a9788470756948 | ||
| 040 |
_bspa _cES-MaACL |
||
| 100 | 1 |
_aYturralde, José María _9117721 _eart |
|
| 245 |
_aJosé María Yturralde : _buna línea de papel / _cJosé María Yturralde ; Celia Quintas y Marta Suárez-Infiesta (editoras) et al. |
||
| 260 |
_aMadrid : _bFundación Juan March, _c2025. |
||
| 300 |
_a236 páginas ; _c24 cm |
||
| 336 |
_2rdacontent _atexto |
||
| 337 |
_2rdamedia _asin mediación |
||
| 338 |
_2rdacarrier _avolumen |
||
| 500 | _aExposición celebrada del 18 de febrero al 24 de mayo de 2025 en el Museu Fundación Juan March y del 12 de junio al 12 de octubre de 2025 en el Museo de Arte Abstracto Español de la Fundación Juan March (Cuenca). | ||
| 655 | 7 |
_2tgfbne _9193628 _aCatálogos de exposiciones |
|
| 852 |
_aES-MaACL _cDEPOJ _jN-10475 _xEncuadernación rústica con solapas _9206598 _hDonación: Editorial |
||
| 914 |
_94346 _aFundación Juan March _ednr |
||
| 942 |
_cMONOGRAFIA _n0 |
||
| 999 |
_c197103 _d197103 |
||